000 01241nam a2200325 i 4500
001 27253
003 KOSZ 005
005 20220523141303.0
008 040519s1975 pl a f 001 0 pol
015 _aPB 1976/4468
040 _aWA N
_cWA N
_dKOSZ 005/HR
080 _a37.015.3
100 1 _aStrelau, Jan
_d(1931-2020)
_eAutor
245 1 0 _aPodstawy psychologii dla nauczycieli /
_cJan Strelau, Andrzej Jurkowski, Zygmunt Putkiewicz.
260 _aWarszawa :
_bPaństwowe Wydawnictwo Naukowe,
_c1975.
300 _a486, [2] stron, [1] karta tablic kolorowych :
_bilustracje, tabele, wykresy, errata ;
_c25 cm.
336 _aTekst
_btxt
_2rdacontent
337 _aBez urządzenia pośredniczącego
_bn
_2rdamedia
338 _aWolumin
_bnc
_2rdacarrier
380 _aKsiążki
504 _aBibliografia przy rozdziałach. Indeks.
658 _aEdukacja i pedagogika
650 4 _aPsychologia
650 4 _aUczniowie
710 2 _aPaństwowe Wydawnictwo Naukowe
_4pbl.
700 1 _aJurkowski, Andrzej
_d(1935-2006)
_eAutor
700 1 _aPutkiewicz, Zygmunt
_eAutor
856 _uhttp://koha.tu.koszalin.pl/cgi-bin/koha/opac-detail.pl?biblionumber=27253
_yKatalog online BPK
942 _2UKD
_cKS
999 _c27253
_d27253